000 00449nam a22001697a 4500
003 MPLRDC
005 20220104142925.0
008 210129b ||||| |||| 00| 0 eng d
082 _a440.6 BEV
100 _aW.I.B. 贝弗里奇
245 _a发现的种子: 科学研究的艺术续篇
_c金吾伦等译
250 _a一版一刷
260 _a
_b科学出版社
_c1987
300 _b
650 _a专利与发明
942 _cBK
_o440.6 BEV
999 _c34922
_d34912